[Event "Wch Seniors 23rd 2013"]
[Site "Opatija"]
[Date "2013.11.18"]
[Round "6.64"]
[White "Schouten, Nico"]
[Black "Nilsson, Weine"]
[Result "1-0"]
[WhiteElo "2201"]
[BlackElo "2003"]
[PlyCount "57"]
[EventDate "2013.11.12"]

1. d4 Nf6 2. c4 e6 3. Nc3 Bb4 4. e3 b6 5. Nf3 O-O 6. Be2 Bb7 7. O-O Bxc3 8.
bxc3 d6 9. Nd2 e5 10. f4 e4 11. Nb3 c5 12. Bd2 h6 13. Be1 Nh7 14. f5 Nd7 15.
Bg3 Ndf6 16. Bf4 Qd7 17. Qe1 Kh8 18. Rd1 Qc6 19. g4 Ng8 20. Qg3 Rad8 21. h4 f6
22. Rd2 Rf7 23. dxc5 bxc5 24. Rfd1 Rfd7 25. Bxd6 Nf8 26. Nxc5 Qxc5 27. Bxc5
Rxd2 28. Rxd2 Rxd2 29. Bxf8 1-0

[Event "Wch Seniors 23rd 2013"]
[Site "Opatija"]
[Date "2013.11.18"]
[Round "6.65"]
[White "Sasu-Ducsoara, Adrian-Florian"]
[Black "Skok, Joze"]
[Result "1-0"]
[WhiteElo "2176"]
[BlackElo "2003"]
[PlyCount "83"]
[EventDate "2013.11.12"]

1. e4 c6 2. d4 d5 3. e5 Bf5 4. Ne2 e6 5. Ng3 Bg6 6. h4 h6 7. h5 Bh7 8. Bd3 Bxd3
9. cxd3 Qb6 10. Be3 c5 11. dxc5 Bxc5 12. d4 Bb4+ 13. Nc3 Nc6 14. O-O Bxc3 15.
bxc3 Nge7 16. Rb1 Qc7 17. Qg4 Rg8 18. f4 Qd7 19. f5 Nxf5 20. Nxf5 exf5 21. Qxf5
Qxf5 22. Rxf5 b6 23. Rbf1 Nd8 24. R5f3 Rc8 25. Bd2 Rc6 26. Rg3 Ke7 27. a4 a6
28. Kf2 Ke8 29. Ke2 Ne6 30. Kd3 Ke7 31. Rgf3 Nd8 32. g4 Ke6 33. Be1 Rc7 34. Bh4
Re8 35. Rb1 Rc6 36. Rf2 Nb7 37. Rfb2 Rec8 38. Rxb6 Na5 39. Rxc6+ Rxc6 40. Rb8
f6 41. exf6 g5 42. hxg6 1-0

[Event "Wch Seniors 23rd 2013"]
[Site "Opatija"]
[Date "2013.11.18"]
[Round "6.66"]
[White "Jorgensen, Arne Bjorn"]
[Black "Markovic, Lazar"]
[Result "1/2-1/2"]
[WhiteElo "1999"]
[BlackElo "2172"]
[PlyCount "31"]
[EventDate "2013.11.12"]

1. d4 c5 2. e3 e6 3. Nf3 Nf6 4. g3 b6 5. c4 d5 6. Bg2 Bb7 7. cxd5 exd5 8. O-O
Nbd7 9. b3 cxd4 10. Nxd4 Bd6 11. Bb2 O-O 12. Nc3 Ne5 13. a3 Rc8 14. Rc1 Qd7 15.
Qe2 Rfd8 16. Rfd1 1/2-1/2

[Event "Wch Seniors 23rd 2013"]
[Site "Opatija"]
[Date "2013.11.18"]
[Round "6.67"]
[White "Trtanj, Zoran"]
[Black "Weisenburger, Horst"]
[Result "0-1"]
[WhiteElo "1986"]
[BlackElo "2141"]
[PlyCount "40"]
[EventDate "2013.11.12"]

1. d4 g6 2. Nf3 Bg7 3. c4 f5 4. Nc3 Nf6 5. g3 d6 6. Bg2 O-O 7. O-O Qe8 8. d5 a5
9. Rb1 Na6 10. e4 fxe4 11. Ng5 Bg4 12. Qe1 Nc5 13. Ngxe4 Nfxe4 14. Nxe4 Nxe4
15. Bxe4 Qa4 16. b3 Qxa2 17. f3 Bxf3 18. Rf2 Qxf2+ 19. Qxf2 Bxe4 20. Qa2 Bd4+
0-1

[Event "Wch Seniors 23rd 2013"]
[Site "Opatija"]
[Date "2013.11.18"]
[Round "6.68"]
[White "Yakovlev, Yuri S"]
[Black "Zhelesny, Stanislav"]
[Result "1/2-1/2"]
[WhiteElo "1951"]
[BlackElo "2109"]
[PlyCount "44"]
[EventDate "2013.11.12"]

1. e4 c6 2. d4 d5 3. e5 Bf5 4. h4 h6 5. g4 Bd7 6. Be3 e6 7. Nd2 Be7 8. Ngf3 Qc7
9. c3 b6 10. Be2 c5 11. Rc1 Nc6 12. O-O f6 13. Bf4 fxe5 14. Bxe5 Bd6 15. Bxd6
Qxd6 16. dxc5 bxc5 17. Ne4 Qe7 18. Ng3 Nf6 19. Qc2 O-O 20. b4 Qd6 21. bxc5 Qxc5
22. Nd4 Nb8 1/2-1/2

[Event "Wch Seniors 23rd 2013"]
[Site "Opatija"]
[Date "2013.11.18"]
[Round "6.69"]
[White "Masich, Vladimir"]
[Black "Hjertenes, Oystein"]
[Result "1-0"]
[WhiteElo "1931"]
[BlackElo "2102"]
[PlyCount "107"]
[EventDate "2013.11.12"]

1. e4 g6 2. d4 Bg7 3. c4 d6 4. Nc3 Nd7 5. Be3 e5 6. Nf3 Nh6 7. dxe5 dxe5 8. h3
f6 9. Qd2 Nf7 10. c5 c6 11. b4 O-O 12. Bc4 Qe7 13. a3 Re8 14. O-O Nf8 15. Qa2
Be6 16. Rfd1 Red8 17. Nd5 cxd5 18. exd5 Bd7 19. b5 Be8 20. d6 Qd7 21. c6 bxc6
22. bxc6 Qxc6 23. Bd5 Qd7 24. Bxa8 Rxa8 25. Rac1 Ne6 26. Qd5 Rd8 27. Qb3 Bf8
28. Kh1 Kg7 29. a4 Nxd6 30. Rd2 Bf7 31. Qd1 Be7 32. a5 Qb7 33. a6 Qa8 34. Ne1
Nf5 35. Rxd8 Bxd8 36. Qd7 Nxe3 37. Qb7 Nc7 38. Rxc7 Qxb7 39. Rxb7 Bb6 40. fxe3
Bxe3 41. Nc2 Bb6 42. Nb4 Bf2 43. Nc6 Kg8 44. Nxa7 Bd5 45. Rb8+ Kg7 46. Nb5 g5
47. a7 Bxa7 48. Nxa7 h5 49. Kg1 h4 50. Nb5 Kg6 51. Nc3 Bc6 52. Rb6 Ba8 53. Kf2
Kg7 54. Ra6 1-0

[Event "Wch Seniors 23rd 2013"]
[Site "Opatija"]
[Date "2013.11.18"]
[Round "6.70"]
[White "Meizlin, Yaacov"]
[Black "Cao, Jorge"]
[Result "1-0"]
[WhiteElo "2102"]
[BlackElo "1990"]
[PlyCount "69"]
[EventDate "2013.11.12"]

1. c4 Nf6 2. g3 g6 3. Bg2 Bg7 4. Nc3 O-O 5. e4 e5 6. Nge2 Nc6 7. O-O d6 8. d3
Nh5 9. Be3 f5 10. exf5 gxf5 11. f4 Nf6 12. h3 Be6 13. Rc1 Qd7 14. a3 Rae8 15.
Nd5 Bxd5 16. cxd5 Ne7 17. Qb3 e4 18. Nd4 Nexd5 19. dxe4 fxe4 20. f5 c6 21. Ne6
Rf7 22. Bd4 Kh8 23. g4 h6 24. Rfe1 c5 25. Bxe4 Nxe4 26. Nxg7 cxd4 27. Nxe8 Ndf6
28. Rc7 Qxc7 29. Nxc7 Rxc7 30. Qd3 d5 31. Qxd4 Kg7 32. h4 Rc4 33. Qe5 Rc6 34.
Rxe4 dxe4 35. g5 1-0

[Event "Wch Seniors 23rd 2013"]
[Site "Opatija"]
[Date "2013.11.18"]
[Round "6.72"]
[White "Kurka, Dieter"]
[Black "Zybura, Andre"]
[Result "1/2-1/2"]
[WhiteElo "2091"]
[BlackElo "1990"]
[PlyCount "58"]
[EventDate "2013.11.12"]

1. d4 Nf6 2. c4 c5 3. Nf3 cxd4 4. Nxd4 e5 5. Nb5 d5 6. cxd5 Bc5 7. e3 O-O 8.
N5c3 e4 9. Nd2 Bf5 10. Nc4 Nbd7 11. a3 a6 12. b4 Ba7 13. Bb2 Qe7 14. Ne2 Rfe8
15. Nf4 Ng4 16. Be2 Nde5 17. Nxe5 Nxe5 18. Bxe5 Qxe5 19. O-O Red8 20. h4 Rd6
21. Bg4 Bb8 22. Bxf5 Qxf5 23. Qe2 Rh6 24. g4 Qe5 25. Kg2 g5 26. hxg5 Qxg5 27.
Rh1 Bxf4 28. Rxh6 Qxh6 29. exf4 Qxf4 1/2-1/2

[Event "Wch Seniors 23rd 2013"]
[Site "Opatija"]
[Date "2013.11.18"]
[Round "6.74"]
[White "Taksrud, Vidar"]
[Black "Ramusch, Arnulf"]
[Result "1/2-1/2"]
[WhiteElo "2063"]
[BlackElo "1979"]
[PlyCount "196"]
[EventDate "2013.11.12"]

1. d4 Nf6 2. c4 e6 3. Nf3 b6 4. g3 Ba6 5. Qc2 Bb7 6. Bg2 Bb4+ 7. Bd2 Be7 8. Nc3
d5 9. cxd5 exd5 10. O-O O-O 11. Rac1 Na6 12. a3 c5 13. Rfd1 c4 14. Ne5 Nc7 15.
Nxc4 Ne6 16. Ne5 Nxd4 17. Qa4 Ne6 18. Nb5 Nc5 19. Qf4 Ne6 20. Qf5 a6 21. Nc3
Nd4 22. Qd3 Nb3 23. Rc2 Nc5 24. Qd4 Qd6 25. Nd3 Ne6 26. Qa4 Bc6 27. Qh4 d4 28.
Ne4 Nxe4 29. Rxc6 Bxh4 30. Rxd6 Nxd6 31. Bxa8 Rxa8 32. gxh4 Rc8 33. Nb4 Nf5 34.
Nxa6 Rc2 35. Nb4 Rxb2 36. Nd3 Ra2 37. Bb4 Rxe2 38. Rc1 h5 39. Rc6 Nxh4 40. Rxb6
Ra2 41. Rc6 Nf4 42. Nc1 Nh3+ 43. Kf1 Rxf2+ 44. Ke1 Ng2+ 45. Kd1 Ne3+ 46. Ke1
Nc2+ 47. Kd1 Nxb4 48. axb4 Nf4 49. Rc8+ Kh7 50. Rc2 Rxc2 51. Kxc2 Kg8 52. b5
Ne6 53. b6 Nc5 54. Nb3 Nb7 55. Nxd4 Kf8 56. Kc3 Ke8 57. Kc4 Kd7 58. Kd5 Nd6 59.
Nc6 Nb7 60. Ne5+ Ke7 61. Kc6 Nd8+ 62. Kc7 Ne6+ 63. Kc8 Nc5 64. Nd3 Ne4 65. Kc7
Nd6 66. Ne5 Ne8+ 67. Kc6 Nd6 68. Kd5 Nb7 69. Kc6 Nd6 70. Kc5 Nb7+ 71. Kd5 g5
72. Nc6+ Kd7 73. Nd4 g4 74. Nf5 Kc8 75. Ne7+ Kb8 76. Nc6+ Kc8 77. Ne5 f5 78.
Ng6 Kd7 79. Ke5 Nd6 80. Kd5 Ne4 81. Nh4 g3 82. hxg3 Nxg3 83. Ng6 Ne2 84. Ne5+
Kc8 85. Nf3 Kb7 86. Ke5 f4 87. Kf5 Kxb6 88. Kg5 Kc5 89. Kxh5 Kd5 90. Kg4 Ke4
91. Nh4 Nd4 92. Kh3 Nf5 93. Nxf5 Kxf5 94. Kg2 Kg4 95. Kf2 f3 96. Kf1 Kg3 97.
Kg1 f2+ 98. Kf1 Kf3 1/2-1/2

[Event "Wch Seniors 23rd 2013"]
[Site "Opatija"]
[Date "2013.11.18"]
[Round "6.75"]
[White "Filzmaier, Bruno"]
[Black "Chirinos, Cleren"]
[Result "0-1"]
[WhiteElo "1895"]
[BlackElo "2059"]
[PlyCount "64"]
[EventDate "2013.11.12"]

1. a3 e5 2. e3 Nf6 3. d4 exd4 4. exd4 d5 5. Nf3 Be7 6. Bd3 O-O 7. O-O Bg4 8. h3
Bh5 9. Bf4 c5 10. c3 Nc6 11. dxc5 Bxc5 12. b4 Bd6 13. Bxd6 Qxd6 14. Nbd2 Ne5
15. Be2 Rac8 16. Rc1 Rfd8 17. Nd4 Bg6 18. N2f3 Ne4 19. Qe1 Nc4 20. Bxc4 dxc4
21. Nd2 Nxc3 22. Rxc3 Qxd4 23. Nf3 Qf6 24. Ne5 Bd3 25. Nxd3 cxd3 26. Rxc8 Rxc8
27. Qe3 Rd8 28. Qxa7 Qb2 29. Qxb7 d2 30. Qe7 d1=Q 31. Rxd1 Rxd1+ 32. Kh2 g6 0-1

[Event "Wch Seniors 23rd 2013"]
[Site "Opatija"]
[Date "2013.11.18"]
[Round "6.77"]
[White "Barkman, Rolf"]
[Black "Bondar, Leonid"]
[Result "0-1"]
[WhiteElo "1867"]
[BlackElo "2049"]
[PlyCount "52"]
[EventDate "2013.11.12"]

1. e4 c6 2. f4 e5 3. Nf3 exf4 4. d4 g5 5. Bd3 d6 6. O-O Bg7 7. c3 h6 8. Na3 Bg4
9. Qb3 Qc7 10. Bd2 Ne7 11. e5 d5 12. Rac1 b5 13. Qc2 O-O 14. h4 Bxf3 15. Rxf3
f5 16. exf6 Rxf6 17. hxg5 hxg5 18. Rcf1 Nd7 19. g3 Raf8 20. Bh7+ Kh8 21. gxf4
gxf4 22. Be1 Rh6 23. Bd3 Rg8 24. Bg3 fxg3 25. Qe2 g2 26. R1f2 Qh2# 0-1

[Event "Wch Seniors 23rd 2013"]
[Site "Opatija"]
[Date "2013.11.18"]
[Round "6.78"]
[White "Catania, Duane"]
[Black "Kayaman, Metin"]
[Result "0-1"]
[WhiteElo "2029"]
[BlackElo "1865"]
[PlyCount "86"]
[EventDate "2013.11.12"]

1. e4 c5 2. Nf3 Nc6 3. Bb5 a6 4. Bxc6 dxc6 5. O-O Nf6 6. Re1 g6 7. d3 Bg7 8.
Nc3 O-O 9. Be3 b6 10. h3 Qc7 11. Qd2 e5 12. Bh6 Re8 13. Bxg7 Kxg7 14. Ne2 Bb7
15. Qg5 h6 16. Qd2 Rad8 17. Qc3 Bc8 18. Nd2 g5 19. Ng3 Kg6 20. Ndf1 h5 21. Ne3
h4 22. Ngf5 Nh5 23. Qd2 Nf4 24. Qd1 Bxf5 25. Nxf5 Kf6 26. Qg4 c4 27. dxc4 Rd2
28. g3 hxg3 29. fxg3 Rg2+ 30. Kf1 Qd7 31. Rad1 Rd2 32. Rxd2 Qxd2 33. gxf4 exf4
34. Rd1 Qxc2 35. Rd6+ Re6 36. Qe2 Qb1+ 37. Kf2 Qh1 38. Rxe6+ fxe6 39. Qf3 Qxf3+
40. Kxf3 exf5 41. exf5 Kxf5 42. b4 b5 43. c5 Ke5 0-1

[Event "Wch Seniors 23rd 2013"]
[Site "Opatija"]
[Date "2013.11.18"]
[Round "6.80"]
[White "Birkestrand, Odd"]
[Black "Hutchinson, Norman A"]
[Result "0-1"]
[WhiteElo "1819"]
[BlackElo "2106"]
[PlyCount "108"]
[EventDate "2013.11.12"]

1. e4 c6 2. d4 d5 3. e5 Bf5 4. Nf3 e6 5. Be2 Nd7 6. O-O Ne7 7. c3 Bg6 8. a3 c5
9. Nbd2 Nc6 10. Bb5 Qb6 11. Bxc6 bxc6 12. dxc5 Bxc5 13. Nb3 Be7 14. Be3 c5 15.
Bc1 Rb8 16. Nbd2 c4 17. Qa4 Bc5 18. Nd4 Bxd4 19. cxd4 Qxd4 20. Nf3 Qb6 21. Be3
Qb7 22. Bc5 Qb5 23. Qxb5 Rxb5 24. Bxa7 Rxb2 25. Bd4 Rb3 26. Rfc1 O-O 27. a4 Nb8
28. a5 Na6 29. h3 Rc8 30. Rc3 Rcb8 31. Kh2 Kf8 32. Nd2 Rb2 33. Nf3 Rb1 34. Raa3
Ke8 35. Bb6 Kd7 36. Nd4 Ra8 37. Kg3 Nc7 38. Kh2 Nb5 39. Nxb5 Rxb5 40. Kg3 Kc6
41. Kf4 Rb1 42. Ke3 Kb5 43. Bc7 Ka6 44. Bb6 Re1+ 45. Kd2 Rxe5 46. Ra4 Bd3 47.
Rb4 Re2+ 48. Kd1 Rb8 49. Ra4 Rb7 50. Ra1 Rb8 51. Rca3 e5 52. R3a2 Rxa2 53. Rxa2
c3 54. Ra3 d4 0-1

[Event "Wch Seniors 23rd 2013"]
[Site "Opatija"]
[Date "2013.11.18"]
[Round "6.84"]
[White "Doubleday, William G"]
[Black "Bianco Diaz, Rogelio Jose"]
[Result "1-0"]
[WhiteElo "2037"]
[BlackElo "1891"]
[PlyCount "107"]
[EventDate "2013.11.12"]

1. d4 d5 2. c4 c6 3. Nf3 Nf6 4. Nc3 Bg4 5. Ne5 Bh5 6. cxd5 Nxd5 7. g4 Bg6 8. h4
f6 9. Nxg6 hxg6 10. Qc2 Kf7 11. h5 gxh5 12. gxh5 e6 13. a3 Nxc3 14. Qg6+ Ke7
15. bxc3 Qe8 16. Qg4 Nd7 17. e4 Kd6 18. Be3 Kc7 19. a4 Rd8 20. a5 e5 21. Bg2 a6
22. Rb1 Qf7 23. Qe2 Bd6 24. Bf3 f5 25. Bg5 Rb8 26. Kf1 Nf8 27. Rg1 Ne6 28. d5
Nc5 29. dxc6 bxc6 30. Rxb8 Rxb8 31. Be3 Rb5 32. exf5 Rxa5 33. Bxc5 Ra1+ 34. Kg2
Rxg1+ 35. Kxg1 Qxf5 36. Bxd6+ Kxd6 37. Be4 Qg5+ 38. Bg2 Qc1+ 39. Qf1 Qxf1+ 40.
Bxf1 a5 41. Bc4 e4 42. f4 exf3 43. Kf2 Ke5 44. Kxf3 Kf5 45. Ke3 Kg5 46. Bf7 Kf6
47. Bg6 Ke5 48. Kd3 Kd5 49. Bf7+ Kc5 50. Kc2 a4 51. Kb2 Kb5 52. Ka3 Ka5 53. Bc4
c5 54. Be2 1-0

[Event "Wch Seniors 23rd 2013"]
[Site "Opatija"]
[Date "2013.11.18"]
[Round "6.86"]
[White "Andreas, Guenter"]
[Black "Bohman, Leif"]
[Result "0-1"]
[WhiteElo "1990"]
[BlackElo "1880"]
[PlyCount "78"]
[EventDate "2013.11.12"]

1. e4 e6 2. d4 d5 3. Nd2 Nf6 4. e5 Nfd7 5. Nb3 c5 6. c3 Nc6 7. Nf3 Be7 8. Be3
O-O 9. g3 b6 10. Nc1 cxd4 11. cxd4 Bb7 12. Bh3 Rc8 13. a3 Na5 14. O-O Re8 15.
Bd2 Nc6 16. Re1 Nf8 17. Nd3 g5 18. Nxg5 Bxg5 19. f4 Bh6 20. Qg4+ Bg7 21. Bc3
Ne7 22. Qh5 Nf5 23. Nf2 Rc7 24. Qf3 f6 25. g4 Nh4 26. Qg3 fxe5 27. fxe5 Nfg6
28. g5 Rf7 29. Re3 Nf5 30. Bxf5 Rxf5 31. h4 Ref8 32. Ng4 Nxh4 33. Qxh4 Qxg5 34.
Qg3 Ba6 35. Nh2 Qh5 36. Kh1 Rg5 37. Qh3 Qg6 38. Rf3 Rxf3 39. Qxf3 Bd3 0-1

[Event "Wch Seniors 23rd 2013"]
[Site "Opatija"]
[Date "2013.11.18"]
[Round "6.88"]
[White "Lim, Kian Hwa"]
[Black "Waisberg, Arnold"]
[Result "1-0"]
[WhiteElo "1883"]
[BlackElo "1971"]
[PlyCount "77"]
[EventDate "2013.11.12"]

1. e4 e5 2. Nf3 Nc6 3. Bb5 Bc5 4. c3 Nge7 5. d4 exd4 6. cxd4 Bb4+ 7. Bd2 Bxd2+
8. Nbxd2 d5 9. O-O O-O 10. e5 Bg4 11. Be2 f6 12. exf6 Rxf6 13. Nb3 Qd6 14. Ne5
Bxe2 15. Qxe2 Nf5 16. Nxc6 Qxc6 17. Rac1 Qd6 18. Qe5 c6 19. Rce1 b6 20. g4 Qxe5
21. dxe5 Rg6 22. f3 d4 23. h3 Ne3 24. Rf2 c5 25. Kh2 Rd8 26. Nd2 b5 27. f4 Re6
28. Nf3 Rh6 29. Kg3 Nc4 30. f5 d3 31. e6 Nd6 32. Nd2 c4 33. g5 Rh5 34. Kg4 b4
35. Kxh5 g6+ 36. fxg6 hxg6+ 37. Kxg6 c3 38. e7 Re8 39. Ref1 1-0

[Event "Wch Seniors 23rd 2013"]
[Site "Opatija"]
[Date "2013.11.18"]
[Round "6.89"]
[White "Baumgarten, Werner"]
[Black "Alavi, Mir Mahmood"]
[Result "0-1"]
[WhiteElo "1943"]
[BlackElo "1852"]
[PlyCount "50"]
[EventDate "2013.11.12"]

1. c4 f5 2. d4 Nf6 3. Nc3 g6 4. g3 Bg7 5. Bg2 O-O 6. h4 d6 7. e3 e5 8. Bf3 exd4
9. exd4 Re8+ 10. Nge2 Nc6 11. Bg5 h6 12. Bf4 Ne4 13. Nxe4 fxe4 14. Bg2 Bg4 15.
Qc1 Bxe2 16. Kxe2 Nxd4+ 17. Kf1 Qf6 18. Bxh6 Nf5 19. Bf4 e3 20. Bd5+ Kf8 21.
Kg2 exf2 22. Kxf2 Qd4+ 23. Kf3 Qd3+ 24. Kg4 Ne3+ 25. Bxe3 Qf5# 0-1

[Event "Wch Seniors 23rd 2013"]
[Site "Opatija"]
[Date "2013.11.18"]
[Round "6.91"]
[White "Hernandez M., E. Gustavo"]
[Black "Peierl, Walter"]
[Result "0-1"]
[WhiteElo "1933"]
[BlackElo "1834"]
[PlyCount "54"]
[EventDate "2013.11.12"]

1. c4 e5 2. Nc3 Nf6 3. g3 c6 4. e4 d5 5. cxd5 cxd5 6. exd5 Nxd5 7. d3 Nc6 8. a3
Be7 9. Bg2 Be6 10. Nf3 O-O 11. O-O Qd7 12. Nxd5 Bxd5 13. Qe2 f6 14. Nh4 Bxg2
15. Nxg2 Rad8 16. Ne1 Nd4 17. Qd1 Qd5 18. Be3 Nb3 19. Rb1 b6 20. Qg4 f5 21. Qa4
Rd7 22. f4 exf4 23. Qxf4 Bf6 24. Rd1 Bd4 25. Rf2 Re8 26. Bxd4 Nxd4 27. Nf3 Ne2+
0-1

[Event "Wch Seniors 23rd 2013"]
[Site "Opatija"]
[Date "2013.11.18"]
[Round "6.92"]
[White "Neumann, Horst"]
[Black "Pressl, Harald"]
[Result "1/2-1/2"]
[WhiteElo "1929"]
[BlackElo "1802"]
[PlyCount "81"]
[EventDate "2013.11.12"]

1. e4 b6 2. d4 Bb7 3. Bd3 e6 4. Nf3 Nf6 5. Bg5 h6 6. Bxf6 Qxf6 7. Nbd2 Ba6 8.
c4 Nc6 9. e5 Qd8 10. a3 Bb7 11. b4 Be7 12. Rc1 a5 13. b5 Na7 14. Qb3 Rb8 15.
O-O Bg5 16. Rc2 Bxd2 17. Nxd2 Qg5 18. Ne4 Qf4 19. Re2 O-O 20. h3 d5 21. exd6
cxd6 22. g3 Qf5 23. Kh2 Bxe4 24. Bxe4 Qf6 25. Qe3 Rfc8 26. Bd3 Rc7 27. Qe4 Rbc8
28. Re3 g6 29. Rf3 Qg7 30. Re1 Rd7 31. Qe3 Rcd8 32. d5 exd5 33. Qxb6 Qc3 34.
Re7 dxc4 35. Be2 Nc8 36. Qxd8+ Rxd8 37. Rxc3 Nxe7 38. Rxc4 Rc8 39. b6 Rb8 40.
Rc7 Nd5 41. Rd7 1/2-1/2

[Event "Wch Seniors 23rd 2013"]
[Site "Opatija"]
[Date "2013.11.18"]
[Round "6.93"]
[White "Kummer, Heinz"]
[Black "Mortensen, Steen Juul"]
[Result "1/2-1/2"]
[WhiteElo "1788"]
[BlackElo "1999"]
[PlyCount "41"]
[EventDate "2013.11.12"]

1. e4 e5 2. Nf3 Nc6 3. Bc4 Nf6 4. Ng5 d5 5. exd5 Nd4 6. c3 b5 7. Bf1 Nxd5 8.
cxd4 Qxg5 9. Bxb5+ Kd8 10. Qf3 e4 11. Qxe4 Bd6 12. h4 Qh5 13. Be2 Qf5 14. Nc3
Nb4 15. Qxa8 Nd3+ 16. Bxd3 Qxd3 17. Rh3 Qf5 18. d3 Qg6 19. Be3 Re8 20. Rf3 Qxg2
21. Ke2 1/2-1/2

[Event "Wch Seniors 23rd 2013"]
[Site "Opatija"]
[Date "2013.11.18"]
[Round "6.94"]
[White "Zilbershtein, Victor"]
[Black "Tavcar, Rado"]
[Result "0-1"]
[WhiteElo "1780"]
[BlackElo "1956"]
[PlyCount "64"]
[EventDate "2013.11.12"]

1. d4 Nf6 2. Nf3 g6 3. c4 Bg7 4. Nc3 O-O 5. e4 d6 6. h3 c5 7. d5 e5 8. Be3 a6
9. Qd2 Ne8 10. g4 f5 11. gxf5 gxf5 12. exf5 Bxf5 13. Bg2 Nd7 14. Bg5 Ndf6 15.
Nh4 Bd7 16. Rg1 Qc8 17. Ne4 Kh8 18. Bh6 Rg8 19. O-O-O b5 20. Bf3 Nxe4 21. Bxe4
Nf6 22. Bxg7+ Rxg7 23. Qh6 Qf8 24. Ng6+ Rxg6 25. Qxf8+ Rxf8 26. Bxg6 hxg6 27.
b3 Kh7 28. Rde1 Nh5 29. Re2 Bxh3 30. Re3 Bd7 31. Re2 Rf4 32. Rc2 Kg7 0-1

[Event "Wch Seniors 23rd 2013"]
[Site "Opatija"]
[Date "2013.11.18"]
[Round "6.95"]
[White "Thonig, Manfred"]
[Black "King, Melvyn"]
[Result "1/2-1/2"]
[WhiteElo "1553"]
[BlackElo "1890"]
[PlyCount "120"]
[EventDate "2013.11.12"]

1. f4 e5 2. fxe5 d6 3. exd6 Bxd6 4. Nf3 Bg4 5. e3 Nc6 6. d4 Qe7 7. Bb5 a6 8.
Bxc6+ bxc6 9. O-O f5 10. Qd3 Nf6 11. Qc4 Qd7 12. Nc3 Bh5 13. Ng5 h6 14. Qe6+
Qxe6 15. Nxe6 Kf7 16. Nf4 Bg6 17. Nxg6 Kxg6 18. Ne2 Rhe8 19. Nf4+ Bxf4 20. Rxf4
Nd5 21. Rf3 Re4 22. Bd2 Rae8 23. Re1 f4 24. Kf2 fxe3+ 25. Bxe3 Nb4 26. Rg3+ Kf7
27. Re2 Nxa2 28. Rf3+ Kg6 29. c3 Nc1 30. Rd2 Nb3 31. Rd1 Na5 32. Rd3 Nc4 33. b3
Nd6 34. Rf4 R4e7 35. Rg4+ Kh7 36. Rf4 g5 37. Rf3 Kg6 38. g4 Ne4+ 39. Kg2 Nf6
40. h3 Nd5 41. Kf2 Re4 42. c4 Nf6 43. Rf5 R4e7 44. b4 Ne4+ 45. Kf3 h5 46. Ra5
Rf7+ 47. Kg2 h4 48. Rxa6 Rf6 49. d5 cxd5 50. Rxf6+ Nxf6 51. cxd5 Nxd5 52. Rxd5
Rxe3 53. Rc5 Re7 54. Rc6+ Kg7 55. b5 Kf7 56. Kf3 Kg7 57. Rc5 Kf6 58. Rc6+ Kg7
59. Rc5 Kf6 60. Rc6+ Kg7 1/2-1/2

[Event "Wch Seniors 23rd 2013"]
[Site "Opatija"]
[Date "2013.11.18"]
[Round "6.97"]
[White "Keze, Arnis"]
[Black "Borensztajn, David"]
[Result "0-1"]
[WhiteElo "1735"]
[BlackElo "1869"]
[PlyCount "116"]
[EventDate "2013.11.12"]

1. d4 d5 2. Nf3 Nf6 3. c4 c6 4. cxd5 cxd5 5. Nc3 Nc6 6. Bf4 a6 7. Rc1 e6 8. e3
Be7 9. Bd3 Qb6 10. b3 Ba3 11. Rb1 Qa5 12. Qd2 Bb4 13. Rc1 Ba3 14. O-O Nh5 15.
Bg3 Nxg3 16. hxg3 Bxc1 17. Rxc1 f5 18. Qe2 Qd8 19. Nh2 Qg5 20. Nf3 Qf6 21. Nh4
Qg5 22. Kh2 Nxd4 23. Qb2 Nc6 24. f4 Qe7 25. Nf3 Bd7 26. Na4 Nb4 27. Bf1 Bxa4
28. bxa4 O-O 29. Rb1 Nc6 30. Bd3 Rab8 31. Rh1 Qf6 32. Qd2 b5 33. axb5 axb5 34.
Kg1 Rfc8 35. Kf2 b4 36. g4 Ne7 37. gxf5 Nxf5 38. g4 Nd6 39. Bxh7+ Kf8 40. Ne5
Ke8 41. g5 Qf8 42. Bc2 Nc4 43. Ba4+ Kd8 44. Qd4 Nxe5 45. Qxe5 Rb6 46. Rh7 Rc2+
47. Kg3 Qg8 48. Rh2 Rc4 49. g6 Re4 50. Qg5+ Kc8 51. Rc2+ Kb8 52. Kf3 Rb7 53.
Rc6 Qh8 54. Qg4 Qh1+ 55. Kf2 Qh2+ 56. Kf3 Qxa2 57. Bd1 Qh2 58. Qg5 Qh3+ 0-1

[Event "Wch Seniors 23rd 2013"]
[Site "Opatija"]
[Date "2013.11.18"]
[Round "6.98"]
[White "Bauza Mercere, Eduardo"]
[Black "Milosevic, Bozidar"]
[Result "0-1"]
[WhiteElo "1811"]
[BlackElo "1734"]
[PlyCount "60"]
[EventDate "2013.11.12"]

1. e4 e5 2. Nf3 Nc6 3. Bb5 Nf6 4. Qe2 a6 5. Ba4 b5 6. Bb3 Bc5 7. c3 O-O 8. O-O
d6 9. h3 Bd7 10. Re1 Qc8 11. d4 Ba7 12. a4 g6 13. Bh6 Re8 14. axb5 axb5 15. d5
Ne7 16. Ng5 Nh5 17. Qf3 f6 18. Ne6 Bxe6 19. dxe6 Bxf2+ 20. Kxf2 Rxa1 21. g4 Nf4
22. g5 fxg5 23. Ke3 Qb8 24. Qf1 b4 25. c4 Qb6+ 26. Kf3 Qc5 27. Kg4 Qc6 28. Qf3
Qa8 29. Bxg5 h5+ 30. Kh4 Nf5+ 0-1

[Event "Wch Seniors 23rd 2013"]
[Site "Opatija"]
[Date "2013.11.19"]
[Round "7.2"]
[White "Hulak, Krunoslav"]
[Black "Mochalov, Evgeny V"]
[Result "1-0"]
[WhiteElo "2473"]
[BlackElo "2404"]
[PlyCount "91"]
[EventDate "2013.11.12"]

1. d4 Nf6 2. c4 g6 3. g3 c5 4. Nf3 Bg7 5. Nc3 cxd4 6. Nxd4 Nc6 7. Bg2 O-O 8.
O-O Ng4 9. e3 Nge5 10. b3 d6 11. Bb2 Bg4 12. f3 Bd7 13. Qd2 Qa5 14. Rfd1 Nxd4
15. exd4 Nc6 16. d5 Nd4 17. Ne4 Qxd2 18. Rxd2 Nf5 19. Bxg7 Kxg7 20. Kf2 Rfc8
21. Bf1 a5 22. Re1 Rc7 23. Nc3 Kf8 24. g4 Ng7 25. Bd3 f6 26. Ne2 Kf7 27. Nd4 a4
28. Rde2 Be8 29. b4 a3 30. b5 Kf8 31. b6 Rd7 32. f4 Bf7 33. f5 Ra4 34. Nc6 gxf5
35. gxf5 Bh5 36. Rxe7 Rxe7 37. Rxe7 bxc6 38. Rxg7 Kxg7 39. dxc6 Rb4 40. c7 Rxb6
41. c8=Q Rb2+ 42. Ke3 Rxa2 43. Qc7+ Bf7 44. Qxd6 Ra1 45. Qa6 a2 46. Kd4 1-0

[Event "Wch Seniors 23rd 2013"]
[Site "Opatija"]
[Date "2013.11.19"]
[Round "7.4"]
[White "Balashov, Yuri S"]
[Black "Rukavina, Josip"]
[Result "1-0"]
[WhiteElo "2440"]
[BlackElo "2405"]
[PlyCount "133"]
[EventDate "2013.11.12"]

1. e4 c5 2. Nf3 g6 3. d4 Bg7 4. d5 d6 5. Nc3 Nf6 6. Bb5+ Bd7 7. a4 O-O 8. O-O
Bg4 9. h3 Bxf3 10. Qxf3 Nbd7 11. Qd1 a6 12. Bc4 Ne8 13. a5 Nc7 14. Na4 Rb8 15.
c3 Ne8 16. Be3 Nef6 17. Bd3 Ne5 18. b4 cxb4 19. cxb4 Qe8 20. Bc2 Ned7 21. Rc1
Rc8 22. Re1 Rc4 23. Bd2 Qb8 24. Bd3 Rxc1 25. Bxc1 Rc8 26. Bf4 Ne8 27. Be2 h5
28. b5 axb5 29. Bxb5 Nef6 30. Qb1 Qc7 31. Bd2 Qb8 32. Rc1 Kh7 33. Qb4 Bh6 34.
Rxc8 Qxc8 35. Bc3 Qc7 36. g3 h4 37. g4 Bf4 38. Kg2 g5 39. Qc4 Qxc4 40. Bxc4 Kg8
41. Bb5 Ne5 42. Bc6 Nxe4 43. Bxb7 Nxc3 44. Nxc3 Bd2 45. a6 Bxc3 46. a7 Ng6 47.
a8=Q+ Kg7 48. Qa3 Be5 49. Kf1 Nf4 50. Ke1 Bd4 51. Qf3 Be5 52. Bc8 Bf6 53. Bf5
Be5 54. Kd2 Bd4 55. Kc2 Be5 56. Kb3 Kf8 57. Kc4 Ke8 58. Kb5 Bf6 59. Kc6 Be5 60.
Bc2 Kf8 61. Kd7 Bf6 62. Qb3 Kg7 63. Ke8 Kg8 64. Qf3 Kg7 65. Qe4 Ng6 66. Qf5 Nf8
67. f4 1-0

[Event "Wch Seniors 23rd 2013"]
[Site "Opatija"]
[Date "2013.11.19"]
[Round "7.5"]
[White "Suba, Mihai"]
[Black "Berkovich, Mark A"]
[Result "0-1"]
[WhiteElo "2413"]
[BlackElo "2357"]
[PlyCount "94"]
[EventDate "2013.11.12"]

1. c4 c5 2. Nf3 Nc6 3. Nc3 Nf6 4. g3 g6 5. d4 cxd4 6. Nxd4 Bg7 7. Bg2 O-O 8.
O-O Qa5 9. e3 d6 10. Qd2 Qh5 11. Nce2 e5 12. Nb5 Bh3 13. f3 Bxg2 14. Kxg2 e4
15. f4 Rfd8 16. h3 Qc5 17. b3 d5 18. Ba3 Qb6 19. Nbd4 dxc4 20. bxc4 Qa6 21. Qc3
Rac8 22. Rac1 Nxd4 23. Nxd4 Nd5 24. cxd5 Rxc3 25. Rxc3 Qa5 26. Rfc1 Bxd4 27.
exd4 Qxd5 28. Be7 Re8 29. Rc8 Rxc8 30. Rxc8+ Kg7 31. g4 e3+ 32. Kg3 e2 33. Bf8+
Kf6 34. Re8 Qb5 35. Re5 Qd3+ 36. Kg2 e1=N+ 37. Rxe1 Qd2+ 38. Kf1 Qxf4+ 39. Kg2
Qd2+ 40. Kf1 g5 41. a3 Qxd4 42. Bb4 Kg6 43. Kg2 a5 44. Bf8 Qd2+ 45. Kf1 h5 46.
gxh5+ Kxh5 47. Bc5 Qd3+ 0-1